| 000 | 00501nam a22001697a 4500 | ||
|---|---|---|---|
| 005 | 20240219005710.0 | ||
| 008 | 240219b |||||||| |||| 00| 0 eng d | ||
| 020 | _a0195643321. | ||
| 082 |
_222 _a320. _bCit. |
||
| 100 | _aMamdani, Mahmood. | ||
| 245 |
_aCitizen and Subject ; _bDecentralized despotism and the legacy of late colonialism / _cMahood, Mamdani. |
||
| 250 | _a1st. | ||
| 260 |
_aNew Delhi ., _bOxford university press _c1997. |
||
| 300 | _axii, 353 p., | ||
| 650 | _aPolitics. | ||
| 942 | _cL | ||
| 999 |
_c424 _d424 |
||